|
|
|
|
| LEADER |
00000ntmaa2200000 a 4500 |
| 001 |
vtls011704605 |
| 003 |
SK-MaSNL |
| 005 |
20260301141052.0 |
| 008 |
230802i1909 xo || 000 1 hun |
| 035 |
|
|
|a urn:nbn:sk:snk-tm00cano
|
| 035 |
|
|
|a urn:nbn:sk:snk-tm3n2d2
|
| 035 |
|
|
|a 76FE4120-15B7-4067-8F0F-F9A2AB11079D
|
| 040 |
|
|
|a SNKLA
|b slo
|c SNKLA
|e AACR2
|
| 041 |
0 |
|
|a hun
|
| 044 |
|
|
|a xo
|c SK
|
| 072 |
|
7 |
|a 27-78
|x Kresťanské združenia, spolky a organizácie. Rehoľné rády
|2 konspekt
|
| 080 |
|
|
|a 27-789.32
|2 2011
|
| 080 |
|
|
|a 2-287(08)
|2 2011
|
| 080 |
|
|
|a 025.171
|2 2011
|
| 245 |
0 |
2 |
|a A magyar szt. beszédek jegyzéke II. könyv
|
| 260 |
|
|
|a [Bratislava]
|c 1909-1912
|
| 300 |
|
|
|a 99 nečíslovaných strán
|b rukopis, viazaný
|c 23 cm
|
| 520 |
2 |
|
|a Kniha záznamov o maďarských kázňach vo františkánskom kostole v Bratislave
|
| 555 |
0 |
|
|a Inventár rukopisov Archívu literatúry a umenia Matice slovenskej. Rukopisy historických knižníc na Slovensku I. Martin: Matica slovenská 1992
|
| 610 |
2 |
7 |
|a Františkáni (Bratislava, Slovensko)
|b Mariánska provincia
|2 SNKLA
|9 50541
|
| 610 |
2 |
7 |
|a Františkáni
|2 SNKKA
|9 174796
|
| 610 |
2 |
7 |
|a Kostol Zvestovania Pána (Bratislava, Slovensko)
|2 SNKLA
|9 220485
|
| 650 |
0 |
7 |
|a kázne
|2 SNKPH
|9 1954
|
| 655 |
|
7 |
|a zoznamy
|2 SNKPH
|9 29645
|
| 655 |
|
7 |
|a rukopisy
|2 SNKPH
|9 70548
|
| 852 |
|
|
|a Slovenská národná knižnica
|b Literárny archív
|
| 958 |
|
|
|a ZH
|
| 958 |
|
|
|a LAVD
|
| 999 |
|
|
|c 765913
|d 767843
|
| 952 |
|
|
|a SNKLA
|b SNKLA
|c SNKLA_DEP
|y NEVYP
|7 0
|p 17A1226076
|o snkRHKS 696b
|0 0
|1 0
|4 0
|d 2017-07-27
|f 1
|l 0
|r 2026-02-24 00:18:51
|w 2026-02-24
|